01043naa a2200229 i 4500001000400000003000400004005001700008008003900025040000800064080001000072100017000082245013000252260001000382500002600392650001700418650001500435655003000450711012300480773018200603942001300785999001500798BPPBPK20141231083856.0141231s1983 pl f |100 0 pol cBPK a628.3 aSIDORSKI, Krzysztof.d1978 - 1992.bWyższa Szkoła Inżynierska w Koszalinie - Wydział Inżynierii Lądowej i Sanitarnej,cZakład Wodociągów i Kanalizacji aZagadnienia projektowania urządzeń hydroforowych za pomocą elektronicznej techniki obliczeniowej /cKrzysztof Sidorski. c1983. aDane z kartoteki bpp. 0aKanalizacja. aHydrofory. 0aMateriały konferencyjne. aKonferencja Naukowo-Techniczna nt. Współczesne problemy gospodarki wodno-ściekowejd(1983 ;cKołobrzeg, Polska). iW :tWspółczesne problemy gospodarki wodno-ściekowej : Konferencja Naukowo-Techniczna. -dKoszalin : Wydaw. Uczelniane Wyższej Szkoły Inżynierskiej, 1983. -gs. 98-107 cART2UKD c6228d6228